[Event "Najdorf Memorial"]
[Site "Warsaw POL"]
[Date "2021.07.13"]
[Round "4.35"]
[White "Choroszej, Aleksander"]
[Black "Cukrowski, Filip"]
[Result "0-1"]
[WhiteElo "2052"]
[BlackElo "2389"]
[EventDate "2021.07.10"]
[PlyCount "34"]
[BlackTitle "FM"]
[WhiteTitle "k"]

1.d4 Nf6 2.c4 e6 3.Nc3 Bb4 4.f3 c5 5.d5 d6 6.e4 O-O 7.Ne2 a6 8.Nf4 exd5 9.Nxd5
Nxd5 10.Qxd5 Nc6 11.Bf4 Be6 12.Qxd6 Qa5 13.Qd2 Rfd8 14.Qc1 f5 15.e5 Rd4 16.Kf2
Qd8 17.b3 Bxc3 0-1

[Event "Najdorf Memorial"]
[Site "Warsaw POL"]
[Date "2021.07.13"]
[Round "4.36"]
[White "Liberadzki, Slawomir"]
[Black "Goluch, Piotr"]
[Result "1-0"]
[WhiteElo "2022"]
[BlackElo "2333"]
[EventDate "2021.07.10"]
[PlyCount "135"]
[BlackTitle "IM"]
[WhiteTitle "k"]

1.c4 Nf6 2.Nc3 e5 3.g3 Bb4 4.Bg2 O-O 5.Nd5 Bc5 6.d3 Nxd5 7.cxd5 d6 8.Nf3 Nd7
9.O-O Qf6 10.Bg5 Qg6 11.Qd2 h6 12.Be3 a5 13.Bxc5 Nxc5 14.Rac1 Re8 15.d4 exd4
16.Nxd4 Bd7 17.e3 h5 18.Qc2 Qf6 19.Qc3 h4 20.Nb3 Qxc3 21.Rxc3 b6 22.gxh4 Bf5
23.Nxc5 bxc5 24.Ra3 Reb8 25.e4 Bd7 26.Rb1 a4 27.f3 Rb4 28.b3 Rab8 29.Ra1 Kf8
30.Kf2 Ke7 31.Bf1 Kf6 32.Bc4 Ra8 33.Kg3 Ke5 34.Rd1 Rab8 35.f4+ Kf6 36.Re1 Bb5
37.Bxb5 R8xb5 38.bxa4 Ra5 39.Re2 Raxa4 40.Rxa4 Rxa4 41.Kg4 Kg6 42.Rg2 Ra3
43.h5+ Kh6 44.Kf5 Rh3 45.Kg4 Re3 46.Kf5 Ra3 47.Kg4 Rc3 48.Rb2 Ra3 49.Rb8 Kh7
50.Rb7 Rxa2 51.Rxc7 Kg8 52.Rc8+ Kh7 53.Rd8 Re2 54.Kf3 Rxh2 55.Rxd6 Rxh5 56.Rc6
Rh3+ 57.Kg4 Re3 58.e5 g6 59.d6 Rd3 60.Rxc5 Kh6 61.Rc8 Rd4 62.Rh8+ Kg7 63.Re8
Kh6 64.Re7 Kg7 65.d7 Kh6 66.Rxf7 g5 67.Rf6+ Kg7 68.Rd6 1-0

[Event "Najdorf Memorial"]
[Site "Warsaw POL"]
[Date "2021.07.13"]
[Round "4.37"]
[White "Majek, Kacper"]
[Black "Karpus, Michal"]
[Result "1-0"]
[WhiteElo "2018"]
[BlackElo "2271"]
[EventDate "2021.07.10"]
[PlyCount "71"]
[BlackTitle "FM"]
[WhiteTitle "I++"]

1.e4 e5 2.Bc4 Nf6 3.d4 exd4 4.Nf3 Nc6 5.O-O Nxe4 6.Re1 d5 7.Bxd5 Qxd5 8.Nc3 Qa5
9.Nxe4 Be6 10.Neg5 O-O-O 11.Nxe6 fxe6 12.Rxe6 Be7 13.Qe2 Bf6 14.Bd2 Qc5 15.Qd3
Qd5 16.Rae1 Qxa2 17.g4 h6 18.h4 Qd5 19.g5 hxg5 20.hxg5 Be7 21.Rxe7 Nxe7 22.Rxe7
Rdf8 23.Re5 Qd7 24.Nh2 Qc6 25.Rf5 Re8 26.Rf4 Qa4 27.Nf1 Qa1 28.Rf7 Kb8 29.Rxg7
Qd1 30.Bf4 Qg4+ 31.Qg3 Qh5 32.Qg2 Re1 33.Bxc7+ Ka8 34.Ba5 Rxf1+ 35.Kxf1 Qd1+
36.Be1 1-0

[Event "Najdorf Memorial"]
[Site "Warsaw POL"]
[Date "2021.07.13"]
[Round "4.38"]
[White "Bus, Konrad"]
[Black "Malaczek, Mateusz"]
[Result "0-1"]
[WhiteElo "2266"]
[BlackElo "1991"]
[EventDate "2021.07.10"]
[PlyCount "62"]
[BlackTitle "II+"]
[WhiteTitle "k"]

1.d4 g6 2.g3 Bg7 3.Bg2 d6 4.Nf3 Nd7 5.c4 e5 6.Nc3 Ne7 7.O-O O-O 8.e4 exd4
9.Nxd4 Nc6 10.Nde2 a5 11.Rb1 Nc5 12.Be3 Bg4 13.f3 Be6 14.b3 f5 15.exf5 Bxf5
16.Qd5+ Kh8 17.Rbd1 Bc2 18.Rd2 Rf5 19.Rxc2 Rxd5 20.Nxd5 Nb4 21.Nxb4 axb4
22.Bxc5 dxc5 23.Nf4 Qd4+ 24.Kh1 Re8 25.Bh3 Bh6 26.Re2 Rxe2 27.Nxe2 Qb2 28.Nf4
Bxf4 29.gxf4 Qxa2 30.f5 gxf5 31.Bxf5 Qxb3 0-1

[Event "Najdorf Memorial"]
[Site "Warsaw POL"]
[Date "2021.07.13"]
[Round "4.39"]
[White "Rudzinska, Michalina"]
[Black "Chrzaszcz, Malvina"]
[Result "1-0"]
[WhiteElo "2238"]
[BlackElo "2015"]
[EventDate "2021.07.10"]
[PlyCount "77"]
[BlackTitle "k+"]
[WhiteTitle "WFM"]

1.e4 c6 2.d4 d5 3.Nc3 dxe4 4.Nxe4 Nf6 5.Nxf6+ exf6 6.c3 Bd6 7.Bd3 O-O 8.Ne2 Re8
9.O-O Nd7 10.Bf4 Nf8 11.Bxd6 Qxd6 12.Ng3 Be6 13.f4 c5 14.f5 Bd7 15.Ne4 Qb6
16.dxc5 Qxb2 17.a4 Rxe4 18.Bxe4 Qxc3 19.Qc2 Qxc2 20.Bxc2 Rc8 21.Bb3 Rxc5
22.Rac1 Ra5 23.Rc7 Bxf5 24.Bxf7+ Kh8 25.Rd1 g5 26.Rd8 Kg7 27.Be6+ Kg6 28.Bxf5+
Kxf5 29.Rxf8 Rxa4 30.h3 h5 31.Rxb7 g4 32.hxg4+ hxg4 33.Rff7 g3 34.Rxa7 Rb4
35.Ra1 Kg6 36.Rf8 Kg5 37.Rf1 Rb6 38.Rg8+ Kh4 39.Rf4+ 1-0

[Event "Najdorf Memorial"]
[Site "Warsaw POL"]
[Date "2021.07.13"]
[Round "4.40"]
[White "Siekanski, Janusz"]
[Black "Jarocka, Liwia"]
[Result "1-0"]
[WhiteElo "2212"]
[BlackElo "1984"]
[EventDate "2021.07.10"]
[PlyCount "59"]
[BlackTitle "FM"]
[WhiteTitle "k"]

1.d4 Nf6 2.c4 e6 3.Nc3 Bb4 4.e3 O-O 5.Bd3 d5 6.a3 Bxc3+ 7.bxc3 dxc4 8.Bxc4 c5
9.Bb2 Qc7 10.Bd3 Nc6 11.Nf3 e5 12.Qc2 Re8 13.dxe5 Nxe5 14.Nxe5 Qxe5 15.c4 Qe7
16.O-O h6 17.e4 Ng4 18.f4 f5 19.Rae1 fxe4 20.Rxe4 Qf8 21.Rxe8 Qxe8 22.Qc3 Nf6
23.Re1 Qf8 24.h3 Bd7 25.Re5 Re8 26.Bg6 Rxe5 27.fxe5 Nh7 28.Qd3 Ng5 29.Qxd7 Qf4
30.Qd5+ 1-0

[Event "Najdorf Memorial"]
[Site "Warsaw POL"]
[Date "2021.07.14"]
[Round "5.1"]
[White "Donchenko, Alexander"]
[Black "Rozentalis, Eduardas"]
[Result "1/2-1/2"]
[WhiteElo "2652"]
[BlackElo "2526"]
[EventDate "2021.07.10"]
[PlyCount "93"]
[LiveChessVersion "1.4.8"]

1.c4 {[%clk 1:30:56]} 1...e6 {[%clk 1:30:29]} 2.Nc3 {[%clk 1:31:02]} 2...Nf6
{[%clk 1:28:56]} 3.e4 {[%clk 1:30:13]} 3...c5 {[%clk 1:25:56]} 4.e5 {[%clk
1:30:06]} 4...Ng8 {[%clk 1:26:20]} 5.Nf3 {[%clk 1:28:03]} 5...Nc6 {[%clk
1:26:31]} 6.d4 {[%clk 1:28:25]} 6...cxd4 {[%clk 1:26:41]} 7.Nxd4 {[%clk
1:28:48]} 7...Nxe5 {[%clk 1:27:02]} 8.Ndb5 {[%clk 1:28:42]} 8...a6 {[%clk
1:27:10]} 9.Nd6+ {[%clk 1:28:39]} 9...Bxd6 {[%clk 1:27:35]} 10.Qxd6 {[%clk
1:29:03]} 10...f6 {[%clk 1:28:00]} 11.Be3 {[%clk 1:29:06]} 11...Ne7 {[%clk
1:28:06]} 12.Bb6 {[%clk 1:29:06]} 12...Nf5 {[%clk 1:28:20]} 13.Qb4 {[%clk
1:28:00]} 13...Nc6 {[%clk 1:22:38]} 14.Qc5 {[%clk 1:27:13]} 14...d6 {[%clk
1:21:46]} 15.Bxd8 {[%clk 1:25:59]} 15...dxc5 {[%clk 1:21:26]} 16.Bb6 {[%clk
1:26:04]} 16...Ne5 {[%clk 1:19:18]} 17.Bxc5 {[%clk 1:21:55]} 17...Bd7 {[%clk
1:19:04]} 18.f4 {[%clk 1:15:13]} 18...Ng6 {[%clk 1:10:52]} 19.g3 {[%clk
1:01:51]} 19...Bc6 {[%clk 1:10:45]} 20.Rg1 {[%clk 1:02:03]} 20...O-O-O {[%clk
1:10:52]} 21.Rd1 {[%clk 0:48:39]} 21...Rxd1+ {[%clk 1:04:48]} 22.Kxd1 {[%clk
0:46:34]} 22...Rd8+ {[%clk 1:05:06]} 23.Kc1 {[%clk 0:45:53]} 23...Kc7 {[%clk
0:56:59]} 24.Bh3 {[%clk 0:44:33]} 24...h5 {[%clk 0:53:29]} 25.b4 {[%clk
0:30:09]} 25...b6 26.Bf2 {[%clk 0:29:37]} 26...Rd3 {[%clk 0:49:04]} 27.Kc2
{[%clk 0:17:37]} 27...Rf3 {[%clk 0:46:14]} 28.Rf1 {[%clk 0:17:50]} 28...h4
{[%clk 0:44:19]} 29.Nd5+ {[%clk 0:15:19]} 29...Bxd5 {[%clk 0:41:15]} 30.cxd5
{[%clk 0:15:33]} 30...hxg3 {[%clk 0:40:54]} 31.hxg3 {[%clk 0:15:46]} 31...Ne3+
{[%clk 0:39:53]} 32.Bxe3 {[%clk 0:16:11]} 32...Rxe3 {[%clk 0:40:20]} 33.dxe6
{[%clk 0:05:45]} 33...Rxg3 {[%clk 0:40:29]} 34.Bf5 {[%clk 0:06:10]} 34...Ne7
{[%clk 0:39:24]} 35.Be4 {[%clk 0:06:16]} 35...Re3 {[%clk 0:33:40]} 36.Bd3
{[%clk 0:04:49]} 36...Nd5 {[%clk 0:30:54]} 37.Bxa6 {[%clk 0:03:53]} 37...Nxb4+
{[%clk 0:29:20]} 38.Kd2 {[%clk 0:04:21]} 38...Rxe6 {[%clk 0:29:33]} 39.Bc4
{[%clk 0:04:38]} 39...Re7 {[%clk 0:27:43]} 40.Kc3 {[%clk 0:33:52]} 40...Nc6
{[%clk 0:57:53]} 41.Rg1 {[%clk 0:34:01]} 41...Na5 {[%clk 0:53:35]} 42.Bg8
{[%clk 0:31:13]} 42...Nb7 {[%clk 0:52:25]} 43.Kc4 {[%clk 0:29:56]} 43...Nd6+
{[%clk 0:29:20]} 44.Kd5 {[%clk 0:29:25]} 44...Nb5 {[%clk 0:28:46]} 45.Kc4
{[%clk 0:27:41]} 45...Nd6+ {[%clk 0:26:15]} 46.Kd5 {[%clk 0:28:08]} 46...Nb5
{[%clk 0:26:37]} 47.Kc4 {[%clk 0:28:33]} 1/2-1/2

[Event "Najdorf Memorial"]
[Site "Warsaw POL"]
[Date "2021.07.14"]
[Round "5.2"]
[White "Dragun, Kamil"]
[Black "Kosakowski, Jakub"]
[Result "1/2-1/2"]
[WhiteElo "2557"]
[BlackElo "2417"]
[EventDate "2021.07.10"]
[PlyCount "41"]
[LiveChessVersion "1.4.8"]

1.Nf3 {[%clk 1:30:52]} 1...Nf6 {[%clk 1:30:42]} 2.g3 {[%clk 1:31:09]} 2...b5
{[%clk 1:30:23]} 3.Bg2 {[%clk 1:24:53]} 3...Bb7 {[%clk 1:30:33]} 4.O-O {[%clk
1:25:06]} 4...c5 {[%clk 1:30:23]} 5.c3 {[%clk 1:22:30]} 5...e6 {[%clk 1:23:16]}
6.d4 {[%clk 1:22:47]} 6...Be7 {[%clk 1:19:58]} 7.Bg5 {[%clk 1:17:52]} 7...cxd4
{[%clk 1:15:25]} 8.cxd4 {[%clk 1:17:56]} 8...O-O {[%clk 1:15:39]} 9.Qd3 {[%clk
1:09:49]} 9...Qb6 {[%clk 1:14:19]} 10.Nc3 {[%clk 1:04:12]} 10...b4 {[%clk
1:07:40]} 11.Na4 {[%clk 1:03:31]} 11...Qa6 {[%clk 1:07:49]} 12.Qxa6 {[%clk
1:03:00]} 12...Nxa6 {[%clk 1:06:29]} 13.Ne5 {[%clk 1:01:57]} 13...d5 {[%clk
1:01:00]} 14.Rfc1 {[%clk 0:43:05]} 14...Rfc8 {[%clk 1:00:32]} 15.Bd2 {[%clk
0:41:02]} 15...Bd6 {[%clk 0:33:15]} 16.Nd3 {[%clk 0:23:09]} 16...Bc6 {[%clk
0:30:51]} 17.Nac5 {[%clk 0:19:47]} 17...Bb5 {[%clk 0:30:57]} 18.Nxa6 {[%clk
0:05:43]} 18...Bxa6 {[%clk 0:31:04]} 19.Rxc8+ {[%clk 0:06:00]} 19...Rxc8 {[%clk
0:31:01]} 20.Rc1 {[%clk 0:06:23]} 20...Rxc1+ {[%clk 0:26:07]} 21.Nxc1 {[%clk
0:06:50]} 1/2-1/2

[Event "Najdorf Memorial"]
[Site "Warsaw POL"]
[Date "2021.07.14"]
[Round "5.3"]
[White "Noe, Christopher"]
[Black "Baum, Jonasz"]
[Result "1-0"]
[WhiteElo "2527"]
[BlackElo "2260"]
[EventDate "2021.07.10"]
[PlyCount "109"]
[LiveChessVersion "1.4.8"]

1.d4 {[%clk 1:30:56]} 1...Nf6 {[%clk 1:30:55]} 2.c4 {[%clk 1:31:18]} 2...e6
{[%clk 1:31:20]} 3.Nc3 {[%clk 1:30:59]} 3...Bb4 {[%clk 1:31:45]} 4.e3 {[%clk
1:30:33]} 4...O-O {[%clk 1:32:03]} 5.Ne2 {[%clk 1:30:58]} 5...Re8 {[%clk
1:32:09]} 6.a3 {[%clk 1:31:13]} 6...Bf8 {[%clk 1:32:34]} 7.d5 {[%clk 1:23:11]}
7...a5 {[%clk 1:32:10]} 8.g3 {[%clk 1:21:54]} 8...Na6 {[%clk 1:29:30]} 9.Bg2
{[%clk 1:22:01]} 9...Nc5 {[%clk 1:28:45]} 10.O-O {[%clk 1:20:45]} 10...a4
{[%clk 1:20:04]} 11.Qc2 {[%clk 1:13:22]} 11...d6 {[%clk 1:13:25]} 12.e4 {[%clk
1:05:04]} 12...Nb3 {[%clk 1:12:31]} 13.Rb1 {[%clk 1:05:00]} 13...Nxc1 {[%clk
1:12:54]} 14.Rbxc1 {[%clk 1:02:26]} 14...exd5 {[%clk 1:08:15]} 15.cxd5 {[%clk
1:00:50]} 15...Bd7 {[%clk 1:07:01]} 16.Nd4 {[%clk 1:01:13]} 16...Ra5 {[%clk
0:55:06]} 17.Rfe1 {[%clk 0:59:30]} 17...g6 {[%clk 0:46:31]} 18.Rcd1 {[%clk
0:55:33]} 18...Bg7 {[%clk 0:45:22]} 19.h3 {[%clk 0:36:05]} 19...Qc8 {[%clk
0:31:43]} 20.Kh2 {[%clk 0:34:48]} 20...Re5 {[%clk 0:31:14]} 21.Qd3 {[%clk
0:20:52]} 21...Ra6 {[%clk 0:18:25]} 22.Qf1 {[%clk 0:18:00]} 22...Rb6 {[%clk
0:18:13]} 23.Rd2 {[%clk 0:17:55]} 23...Rh5 {[%clk 0:17:09]} 24.Kg1 {[%clk
0:18:06]} 24...c5 {[%clk 0:10:03]} 25.dxc6 {[%clk 0:17:13]} 25...bxc6 {[%clk
0:10:07]} 26.Nxa4 {[%clk 0:16:43]} 26...Ra6 {[%clk 0:10:18]} 27.Nc3 {[%clk
0:16:13]} 27...Bxh3 {[%clk 0:09:58]} 28.Bxh3 {[%clk 0:16:09]} 28...Qxh3 {[%clk
0:10:22]} 29.Qxh3 {[%clk 0:16:32]} 29...Rxh3 {[%clk 0:10:50]} 30.Nf3 {[%clk
0:12:26]} 30...Ne8 {[%clk 0:09:52]} 31.e5 {[%clk 0:12:09]} 31...d5 {[%clk
0:09:10]} 32.Ne2 {[%clk 0:08:56]} 32...Nc7 {[%clk 0:07:23]} 33.Rc2 {[%clk
0:06:52]} 33...Rh6 {[%clk 0:01:27]} 34.Ned4 {[%clk 0:06:13]} 34...g5 {[%clk
0:01:45]} 35.Nxg5 {[%clk 0:05:15]} 35...f6 {[%clk 0:01:49]} 36.Nxc6 {[%clk
0:03:17]} 36...fxg5 {[%clk 0:01:00]} 37.Ne7+ {[%clk 0:03:39]} 37...Kf8 {[%clk
0:01:15]} 38.Rxc7 {[%clk 0:04:03]} 38...Rhe6 {[%clk 0:01:22]} 39.Nxd5 {[%clk
0:04:01]} 39...Rxe5 {[%clk 0:01:10]} 40.Rxe5 {[%clk 0:33:38]} 40...Bxe5 {[%clk
0:31:38]} 41.Rb7 {[%clk 0:32:48]} 41...h5 {[%clk 0:27:54]} 42.Kg2 {[%clk
0:33:00]} 42...h4 {[%clk 0:26:21]} 43.Ne3 {[%clk 0:28:54]} 43...hxg3 {[%clk
0:26:08]} 44.fxg3 {[%clk 0:29:08]} 44...Re6 {[%clk 0:24:12]} 45.Nc4 {[%clk
0:25:01]} 45...g4 {[%clk 0:23:16]} 46.Nxe5 {[%clk 0:23:19]} 46...Rxe5 {[%clk
0:23:44]} 47.a4 {[%clk 0:22:42]} 47...Ke8 {[%clk 0:23:52]} 48.b4 {[%clk
0:22:13]} 48...Kd8 {[%clk 0:23:46]} 49.a5 {[%clk 0:22:37]} 49...Kc8 {[%clk
0:23:05]} 50.a6 {[%clk 0:23:02]} 50...Re2+ {[%clk 0:22:59]} 51.Kf1 {[%clk
0:23:28]} 51...Ra2 {[%clk 0:23:00]} 52.b5 {[%clk 0:23:53]} 52...Rb2 {[%clk
0:22:38]} 53.b6 {[%clk 0:23:26]} 53...Ra2 {[%clk 0:22:01]} 54.Rc7+ {[%clk
0:23:50]} 54...Kb8 {[%clk 0:22:23]} 55.a7+ {[%clk 0:24:14]} 1-0

[Event "Najdorf Memorial"]
[Site "Warsaw POL"]
[Date "2021.07.14"]
[Round "5.4"]
[White "Pacan-milej, Kosma"]
[Black "Kiolbasa, Oliwia"]
[Result "1/2-1/2"]
[WhiteElo "2421"]
[BlackElo "2255"]
[EventDate "2021.07.10"]
[PlyCount "90"]
[LiveChessVersion "1.4.8"]

1.d4 {[%clk 1:30:57]} 1...d5 {[%clk 1:30:48]} 2.c4 {[%clk 1:31:20]} 2...e6
{[%clk 1:31:10]} 3.Nc3 {[%clk 1:31:40]} 3...Nf6 {[%clk 1:31:29]} 4.cxd5 {[%clk
1:32:01]} 4...exd5 {[%clk 1:31:52]} 5.Bg5 {[%clk 1:32:24]} 5...Nbd7 {[%clk
1:32:07]} 6.e3 {[%clk 1:32:47]} 6...c6 {[%clk 1:32:27]} 7.Bd3 {[%clk 1:33:07]}
7...Be7 {[%clk 1:32:43]} 8.h3 {[%clk 1:33:28]} 8...Nf8 {[%clk 1:32:11]} 9.Bf4
{[%clk 1:32:01]} 9...Bd6 {[%clk 1:24:08]} 10.Bxd6 {[%clk 1:31:35]} 10...Qxd6
{[%clk 1:24:36]} 11.Nf3 {[%clk 1:31:57]} 11...Ne6 {[%clk 1:14:12]} 12.Qc2
{[%clk 1:31:04]} 12...g6 {[%clk 1:10:39]} 13.O-O-O {[%clk 1:26:46]} 13...Ng7
{[%clk 1:02:55]} 14.g4 {[%clk 1:25:14]} 14...Be6 {[%clk 0:44:12]} 15.Ne5 {[%clk
1:15:33]} 15...Nd7 {[%clk 0:40:05]} 16.f4 {[%clk 1:14:28]} 16...f5 {[%clk
0:37:47]} 17.Ne2 {[%clk 1:03:21]} 17...O-O-O {[%clk 0:35:00]} 18.Ng3 {[%clk
0:56:38]} 18...Rhf8 {[%clk 0:33:47]} 19.Rdf1 {[%clk 0:50:00]} 19...Kb8 {[%clk
0:31:50]} 20.Kb1 {[%clk 0:48:39]} 20...Rc8 {[%clk 0:31:05]} 21.Qc3 {[%clk
0:37:49]} 21...Rc7 {[%clk 0:22:54]} 22.g5 {[%clk 0:35:53]} 22...Nxe5 {[%clk
0:15:04]} 23.dxe5 {[%clk 0:24:25]} 23...Qd7 {[%clk 0:15:25]} 24.h4 {[%clk
0:13:21]} 24...c5 {[%clk 0:15:13]} 25.h5 {[%clk 0:12:38]} 25...d4 {[%clk
0:09:59]} 26.exd4 {[%clk 0:13:00]} 26...Bd5 {[%clk 0:10:06]} 27.Rhg1 {[%clk
0:06:47]} 27...Ne6 {[%clk 0:09:02]} 28.dxc5 {[%clk 0:04:19]} 28...Nxc5 {[%clk
0:07:32]} 29.Qa3 {[%clk 0:03:15]} 29...Rfc8 {[%clk 0:04:21]} 30.Rd1 {[%clk
0:02:23]} 30...Qc6 {[%clk 0:03:00]} 31.Rc1 {[%clk 0:01:48]} 31...Qb6 {[%clk
0:03:16]} 32.Bc2 {[%clk 0:01:13]} 32...Ne6 {[%clk 0:03:12]} 33.Qd6 {[%clk
0:00:53]} 33...Qxd6 {[%clk 0:02:37]} 34.exd6 {[%clk 0:01:22]} 34...Rd7 {[%clk
0:03:02]} 35.hxg6 {[%clk 0:01:17]} 35...hxg6 {[%clk 0:03:30]} 36.Ne2 {[%clk
0:00:42]} 36...Rxd6 {[%clk 0:03:12]} 37.Bb3 {[%clk 0:00:39]} 37...Bxb3 {[%clk
0:02:14]} 38.axb3 {[%clk 0:01:05]} 38...Rd2 {[%clk 0:02:30]} 39.Rge1 {[%clk
0:01:11]} 39...Nc5 {[%clk 0:02:17]} 40.Rcd1 {[%clk 0:30:43]} 40...Nxb3 {[%clk
0:30:44]} 41.Nc3 {[%clk 0:25:49]} 41...Rf2 {[%clk 0:23:16]} 42.Rd6 {[%clk
0:13:32]} 42...Nd2+ {[%clk 0:15:42]} 43.Ka1 {[%clk 0:13:52]} 43...Nb3+ {[%clk
0:08:39]} 44.Kb1 {[%clk 0:14:17]} 44...Nd2+ {[%clk 0:05:25]} 45.Ka1 {[%clk
0:14:41]} 45...Nb3+ {[%clk 0:03:06]} 1/2-1/2

[Event "Najdorf Memorial"]
[Site "Warsaw POL"]
[Date "2021.07.14"]
[Round "5.5"]
[White "Bebel, Arkadiusz"]
[Black "Mickiewicz, Piotr"]
[Result "0-1"]
[WhiteElo "2306"]
[BlackElo "2247"]
[EventDate "2021.07.10"]
[PlyCount "118"]
[LiveChessVersion "1.4.8"]

1.Nf3 {[%clk 1:30:57]} 1...c5 {[%clk 1:26:06]} 2.g3 {[%clk 1:30:54]} 2...Nc6
{[%clk 1:24:41]} 3.Bg2 {[%clk 1:30:59]} 3...g6 {[%clk 1:24:24]} 4.c4 {[%clk
1:25:35]} 4...Bg7 {[%clk 1:24:41]} 5.Nc3 {[%clk 1:25:59]} 5...e6 {[%clk
1:17:48]} 6.d4 {[%clk 1:17:08]} 6...cxd4 {[%clk 1:05:55]} 7.Nb5 {[%clk 1:17:16]}
7...d5 {[%clk 1:04:39]} 8.cxd5 {[%clk 1:17:36]} 8...Qa5+ {[%clk 0:54:58]} 9.Nd2
{[%clk 1:17:38]} 9...Qxb5 {[%clk 0:45:39]} 10.a4 {[%clk 1:14:20]} 10...Qb4
{[%clk 0:30:30]} 11.dxc6 {[%clk 1:14:28]} 11...Ne7 {[%clk 0:30:56]} 12.b3
{[%clk 1:10:06]} 12...Nxc6 {[%clk 0:26:58]} 13.Ba3 {[%clk 1:07:28]} 13...Qa5
{[%clk 0:27:20]} 14.O-O {[%clk 1:03:59]} 14...Bf8 {[%clk 0:24:11]} 15.Nc4
{[%clk 0:45:29]} 15...Qd8 {[%clk 0:23:44]} 16.b4 {[%clk 0:45:36]} 16...a5
{[%clk 0:07:25]} 17.b5 {[%clk 0:42:47]} 17...Nb4 {[%clk 0:07:53]} 18.Qd2 {[%clk
0:41:08]} 18...Be7 {[%clk 0:02:40]} 19.Rfd1 {[%clk 0:40:26]} 19...O-O {[%clk
0:01:48]} 20.Rac1 {[%clk 0:39:09]} 20...d3 {[%clk 0:01:29]} 21.e4 {[%clk
0:38:30]} 21...e5 {[%clk 0:01:36]} 22.Nxe5 {[%clk 0:37:34]} 22...Be6 {[%clk
0:01:23]} 23.Qb2 {[%clk 0:29:27]} 23...Bf6 24.f4 {[%clk 0:29:44]} 24...Qb6+
{[%clk 0:01:04]} 25.Kh1 {[%clk 0:27:41]} 25...Rfd8 {[%clk 0:01:32]} 26.Bxb4
{[%clk 0:25:27]} 26...axb4 {[%clk 0:02:01]} 27.Qxb4 {[%clk 0:25:50]} 27...Bxe5
{[%clk 0:02:14]} 28.fxe5 {[%clk 0:26:18]} 28...Qe3 {[%clk 0:01:48]} 29.Qd2
{[%clk 0:22:34]} 29...Qxd2 {[%clk 0:01:43]} 30.Rxd2 {[%clk 0:23:03]} 30...Rxa4
{[%clk 0:02:01]} 31.Kg1 {[%clk 0:22:56]} 31...Rb4 {[%clk 0:02:01]} 32.Rc5
{[%clk 0:18:32]} 32...b6 {[%clk 0:02:06]} 33.Rc6 {[%clk 0:18:48]} 33...Rxb5
{[%clk 0:02:22]} 34.Rd6 {[%clk 0:19:13]} 34...Rc8 {[%clk 0:02:14]} 35.R2xd3
{[%clk 0:19:09]} 35...Rc2 {[%clk 0:01:27]} 36.Rd2 {[%clk 0:19:04]} 36...Rb1+
{[%clk 0:00:37]} 37.Kf2 {[%clk 0:19:33]} 37...Rc5 {[%clk 0:00:52]} 38.Rd1
{[%clk 0:19:02]} 38...Rb3 {[%clk 0:00:46]} 39.R1d3 {[%clk 0:17:01]} 39...Rxd3
{[%clk 0:01:13]} 40.Rxd3 {[%clk 0:47:29]} 40...Rc2+ {[%clk 0:31:01]} 41.Kf3
{[%clk 0:46:50]} 41...g5 {[%clk 0:24:45]} 42.h3 {[%clk 0:46:04]} 42...b5 {[%clk
0:16:42]} 43.Rd8+ {[%clk 0:46:18]} 43...Kg7 {[%clk 0:17:11]} 44.Rb8 {[%clk
0:46:40]} 44...Bc4 {[%clk 0:13:20]} 45.Rb7 {[%clk 0:46:53]} 45...Kf8 {[%clk
0:12:53]} 46.Bh1 {[%clk 0:44:31]} 46...h5 {[%clk 0:12:50]} 47.Ke3 {[%clk
0:44:55]} 47...Rc3+ {[%clk 0:10:15]} 48.Kf2 {[%clk 0:45:03]} 48...Rc2+ {[%clk
0:09:54]} 49.Ke3 {[%clk 0:44:57]} 49...Re2+ {[%clk 0:09:47]} 50.Kf3 {[%clk
0:44:36]} 50...Rb2 {[%clk 0:09:30]} 51.Ke3 {[%clk 0:44:55]} 51...Rb3+ {[%clk
0:08:05]} 52.Kf2 {[%clk 0:45:03]} 52...g4 {[%clk 0:08:20]} 53.e6 {[%clk
0:45:03]} 53...Rb2+ {[%clk 0:08:23]} 54.Ke3 {[%clk 0:45:27]} 54...Rh2 {[%clk
0:07:24]} 55.exf7 {[%clk 0:45:10]} 55...Rxh1 {[%clk 0:07:25]} 56.hxg4 {[%clk
0:45:34]} 56...hxg4 {[%clk 0:07:33]} 57.e5 {[%clk 0:45:56]} 57...Rf1 {[%clk
0:07:10]} 58.e6 {[%clk 0:46:15]} 58...Bxe6 {[%clk 0:06:26]} 59.Rxb5 {[%clk
0:46:39]} 59...Rf3+ {[%clk 0:06:38]} 0-1

[Event "Najdorf Memorial"]
[Site "Warsaw POL"]
[Date "2021.07.14"]
[Round "5.6"]
[White "Chomczyk, Marek"]
[Black "Czopor, Maciej"]
[Result "0-1"]
[WhiteElo "2194"]
[BlackElo "2279"]
[EventDate "2021.07.10"]
[PlyCount "96"]
[LiveChessVersion "1.4.8"]

1.d4 {[%clk 1:30:58]} 1...Nf6 {[%clk 1:30:52]} 2.c4 {[%clk 1:31:23]} 2...e6
{[%clk 1:31:15]} 3.g3 {[%clk 1:31:47]} 3...c5 {[%clk 1:30:13]} 4.d5 {[%clk
1:32:12]} 4...exd5 {[%clk 1:30:39]} 5.cxd5 {[%clk 1:32:36]} 5...d6 {[%clk
1:31:05]} 6.Nc3 {[%clk 1:32:52]} 6...g6 {[%clk 1:31:14]} 7.Bg2 {[%clk 1:33:17]}
7...Bg7 {[%clk 1:31:22]} 8.Nf3 {[%clk 1:33:42]} 8...O-O {[%clk 1:31:39]} 9.O-O
{[%clk 1:34:08]} 9...Re8 {[%clk 1:26:03]} 10.Bf4 {[%clk 1:34:32]} 10...a6
{[%clk 1:25:52]} 11.a4 {[%clk 1:34:56]} 11...Nh5 {[%clk 1:25:07]} 12.Bg5 {[%clk
1:28:18]} 12...Qc7 {[%clk 1:25:25]} 13.Re1 {[%clk 1:09:01]} 13...Nd7 {[%clk
1:21:28]} 14.Qc2 {[%clk 1:05:20]} 14...Rb8 {[%clk 1:19:35]} 15.a5 {[%clk
0:53:25]} 15...b5 {[%clk 1:02:35]} 16.axb6 {[%clk 0:53:02]} 16...Nxb6 {[%clk
0:59:54]} 17.e4 {[%clk 0:49:53]} 17...h6 {[%clk 0:51:51]} 18.Bc1 {[%clk
0:44:13]} 18...Nf6 {[%clk 0:51:36]} 19.Rf1 {[%clk 0:25:12]} 19...Nc4 {[%clk
0:49:26]} 20.Nd2 {[%clk 0:22:37]} 20...Nxd2 {[%clk 0:48:17]} 21.Bxd2 {[%clk
0:22:45]} 21...Qb6 {[%clk 0:43:08]} 22.Ra2 {[%clk 0:22:09]} 22...Ng4 {[%clk
0:40:33]} 23.Nd1 {[%clk 0:13:58]} 23...Bd7 {[%clk 0:34:30]} 24.Ne3 {[%clk
0:14:22]} 24...Nxe3 {[%clk 0:29:25]} 25.Bxe3 {[%clk 0:14:48]} 25...a5 {[%clk
0:24:23]} 26.Qd2 {[%clk 0:12:52]} 26...h5 {[%clk 0:23:28]} 27.Qxa5 {[%clk
0:11:59]} 27...Qxa5 {[%clk 0:23:47]} 28.Rxa5 {[%clk 0:12:25]} 28...Rxb2 {[%clk
0:23:55]} 29.Bc1 {[%clk 0:08:15]} 29...Rb6 {[%clk 0:22:58]} 30.Bf4 {[%clk
0:08:36]} 30...Bd4 {[%clk 0:22:18]} 31.Ra7 {[%clk 0:08:40]} 31...Bg4 {[%clk
0:21:18]} 32.h3 {[%clk 0:07:48]} 32...Be2 {[%clk 0:21:21]} 33.Re1 {[%clk
0:08:12]} 33...Rb2 {[%clk 0:19:44]} 34.Rc7 {[%clk 0:05:06]} 34...Bd3 {[%clk
0:14:25]} 35.Be3 {[%clk 0:05:31]} 35...Bc3 {[%clk 0:14:44]} 36.Rc1 {[%clk
0:05:26]} 36...Be5 {[%clk 0:13:29]} 37.Rc6 {[%clk 0:03:35]} 37...c4 {[%clk
0:10:41]} 38.Bf1 {[%clk 0:03:04]} 38...Bxe4 {[%clk 0:10:46]} 39.Bxc4 {[%clk
0:02:25]} 39...Bf3 {[%clk 0:11:00]} 40.Ba7 {[%clk 0:30:37]} 40...Ra8 {[%clk
0:35:51]} 41.Rc7 {[%clk 0:26:26]} 41...Kg7 {[%clk 0:35:39]} 42.h4 {[%clk
0:23:24]} 42...g5 {[%clk 0:33:00]} 43.Be3 {[%clk 0:15:50]} 43...gxh4 {[%clk
0:33:21]} 44.gxh4 {[%clk 0:16:13]} 44...Ra3 {[%clk 0:32:33]} 45.Bg5 {[%clk
0:09:41]} 45...Bd4 {[%clk 0:32:02]} 46.Rf1 {[%clk 0:09:54]} 46...Rc2 {[%clk
0:29:28]} 47.Rc6 {[%clk 0:09:46]} 47...Be4 {[%clk 0:29:23]} 48.Bf4 {[%clk
0:07:01]} 48...Rh3 {[%clk 0:29:18]} 0-1